000 00471nam a2200193Ia 4500
005 20250603144635.0
008 250603s9999 xx 000 0 und d
020 _a0-07-241015-9
050 _aQD 415 .C482/
100 _aAmerican Chemical Sociey
245 0 _aChemistry in context : applying chemistry to society
250 _a4th ed.
260 _aNew York
260 _bMcGraw-Hill
260 _c2003
300 _a568 p
650 _aNew York
942 _cBK
999 _c39515
_d39515